000 00544ntaaa2200193 4500
003 01
005 20251027202058.0
008 0714s1973 ag 01
040 _aAR-BaBN
_bspa
_cAR-BaBN
_eaacr
_dRIC
082 _a252.0000 N42
100 _aNewton, Louie D
_919358
245 _aFaith is the victory
250 _a1 ed.
260 _aNashville :
_bBroadman Press,
_cc1947
300 _aviii, 107 p
500 _aSermones de varios predicadores norteamericanos propalados en "Baptist Radio Hour 1946"
650 _asermones
_9362
942 _cBK
999 _c15659
_d15659